| 000 | 00624nam a2200241Ia 4500 | ||
|---|---|---|---|
| 003 | OSt | ||
| 005 | 20230518162811.0 | ||
| 008 | 210423s2013 xx 000 0 und d | ||
| 020 | _a935-059-008-5 | ||
| 040 | _cAL | ||
| 041 | _aeng | ||
| 082 |
_a660.62 PATI _223 |
||
| 100 |
_aPATEL (Arvind H). _9109012 |
||
| 245 | _aIndustrial microbiology Ed 2 | ||
| 250 | _a2 | ||
| 260 |
_aNew Delhi _bMacmillan India Ltd _c2013 |
||
| 300 |
_axvi,495 _bPB |
||
| 365 |
_b365 _cINR |
||
| 650 |
_aBiotechnology _9109013 |
||
| 650 |
_aIndustrial Microbiology _9109014 |
||
| 906 | _aEd ; Industrial ; microbiology | ||
| 942 |
_2ddc _cBK |
||
| 999 |
_c165185 _d165185 |
||